| 000 | 00705nam a2200217 a 4500 | ||
|---|---|---|---|
| 001 | 21430 | ||
| 003 | CO-ViMGA | ||
| 008 | 141112s2004 ck r 000 u spa d | ||
| 020 | _a8426130984 | ||
| 040 |
_aCO-ViMGA _bspa _cCO-ViMGA |
||
| 082 | 0 | 4 | _aCAFt |
| 100 | 1 |
_aCaffey, Donna; Girouard, Patrick _930609 |
|
| 245 | 1 | 0 | _aTengo Piojos |
| 260 |
_aBarcelona : _bJuventud, _c1998 |
||
| 300 | _a26 | ||
| 590 | _aForma de adquisición : Donación fact. 8862 - - Precio : 47200 - - Proveedor : Fundación exito - - Fecha de adquisición : Mayo 2007 | ||
| 650 | 1 | 4 |
_aCUENTOS INFANTILES _92743 |
| 650 | 1 | 4 |
_aLIBROS ILUSTRADOS PARA NIÑOS _92001 |
| 650 | 1 | 4 |
_aPIOJOS - CUENTOS INFANTILES _930610 |
| 942 |
_2ddc _cBK |
||
| 999 |
_c30040 _d30040 |
||